[Event "South Wales op 20th"]
[Site "Bridgend"]
[Date "2025.07.07"]
[Round "6"]
[White "Arnott, Jonathan"]
[Black "Gibbs, Dominic V"]
[Result "1-0"]
[WhiteElo "2059"]
[BlackElo "1968"]
[PlyCount "73"]
[EventDate "2025.07.04"]
[EventType "swiss"]
[EventRounds "9"]
[EventCountry "WLS"]
[SourceTitle "CB29_2025"]
[SourceDate "2025.07.16"]
[SourceVersion "1"]
[SourceVersionDate "2025.07.16"]
[SourceQuality "1"]

1. d4 Nf6 2. Bg5 g6 3. Bxf6 exf6 4. e3 d5 5. Bd3 f5 6. Nd2 Nd7 7. c3 Bd6 8. Ne2 Nf6 9. Qb3 0-0 10. h4 h5 11. c4 c6 12. Nc3 f4 13. e4 dxe4 14. Ncxe4 Nxe4 15. Bxe4 c5 16. 0-0-0 cxd4 17. Nf3 Bc5 18. Rd2 Rb8 19. Ng5 b6 20. Rhd1 Bb7 21. Qf3 Bxe4 22. Qxe4 Qf6 23. Qd3 Rfc8 24. Kb1 a6 25. Qh3 Rd8 26. g4 b5 27. cxb5 Rxb5 28. gxh5 Rdb8 29. Qd3 Qb6 30. b3 Bb4 31. Qc4 Qf6 32. Rxd4 Rc5 33. Ne4 Qf5 34. Qd3 Rcc8 35. hxg6 Qxg6 36. h5 Qh7 37. Nf6+ 1-0

[Event "South Wales op 20th"]
[Site "Bridgend"]
[Date "2025.07.06"]
[Round "5"]
[White "Gibbs, Dominic V"]
[Black "Vaidyanathan, Adithya"]
[Result "1/2-1/2"]
[WhiteElo "1968"]
[BlackElo "2094"]
[PlyCount "156"]
[EventDate "2025.07.04"]
[EventType "swiss"]
[EventRounds "9"]
[EventCountry "WLS"]
[SourceTitle "CB29_2025"]
[SourceDate "2025.07.16"]
[SourceVersion "1"]
[SourceVersionDate "2025.07.16"]
[SourceQuality "1"]

1. e4 c5 2. c3 Nf6 3. e5 Nd5 4. Bc4 Nb6 5. Bb3 d6 6. exd6 Qxd6 7. Nf3 Nc6 8. d4 cxd4 9. cxd4 Be6 10. 0-0 Bxb3 11. Qxb3 g6 12. Nc3 Bg7 13. Nb5 Qd7 14. d5 Na5 15. Qb4 Nac4 16. Bf4 0-0 17. Rac1 Nxd5 18. Qxc4 Nxf4 19. Qxf4 Qxb5 20. b3 Rac8 21. Qe3 Rxc1 22. Rxc1 Bb2 23. Rd1 Ba3 24. h3 Bc5 25. Qh6 Qe2 26. Rf1 Rd8 27. Ng5 Qh5 28. Qxh5 gxh5 29. Rc1 Bb6 30. Rc2 h6 31. Nf3 Rd1+ 32. Kh2 Rf1 33. Kg3 Kg7 34. Nh4 Kf6 35. Nf3 e5 36. Re2 Bc7 37. Nd2 Rd1 38. Kh4 Kg6 39. f3 Ba5 40. Ne4 Be1+ 41. Nf2 f6 42. Kg3 Rb1 43. Kh2 h4 44. g4 hxg3+ 45. Kxg3 Kf5 46. Kg2 Bc3 47. Ng4 h5 48. Ne3+ Ke6 49. Kg3 f5 50. Kh4 f4 51. Ng2 Kf5 52. Kxh5 Rh1 53. Nh4+ Ke6 54. Kg4 Rg1+ 55. Ng2 Kd5 56. Kf5 Kd4 57. Re4+ Kd3 58. Nh4 Rg3 59. Ng6 Rxf3 60. Nxe5+ Bxe5 61. Rxe5 Rf1 62. Kg4 a6 63. h4 f3 64. Kg3 b5 65. h5 b4 66. h6 f2 67. Kg2 Re1 68. Rf5 Re6 69. h7 Rh6 70. Rf7 Kc3 71. Rf3+ Kb2 72. Rxf2+ Ka3 73. Rf6 Rxh7 74. Rxa6+ Kb2 75. Kf3 Re7 76. Ra4 Kc3 77. Kf4 Re8 78. Ra5 Re7 1/2-1/2

[Event "South Wales op 20th"]
[Site "Bridgend"]
[Date "2025.07.05"]
[Round "3"]
[White "Gibbs, Dominic V"]
[Black "Stubbs, Oliver"]
[Result "1-0"]
[WhiteElo "1968"]
[BlackElo "2208"]
[PlyCount "71"]
[EventDate "2025.07.04"]
[EventType "swiss"]
[EventRounds "9"]
[EventCountry "WLS"]
[SourceTitle "CB29_2025"]
[SourceDate "2025.07.16"]
[SourceVersion "1"]
[SourceVersionDate "2025.07.16"]
[SourceQuality "1"]

1. e4 e6 2. d3 d5 3. Nd2 Nf6 4. Ngf3 Nc6 5. c3 Bd6 6. b4 e5 7. Bb2 0-0 8. g3 Re8 9. exd5 Nxd5 10. Bg2 a5 11. bxa5 Nxa5 12. 0-0 Nb6 13. Ne4 Bf8 14. c4 Nc6 15. Qb3 Na4 16. Ba3 Bxa3 17. Qxa3 Bg4 18. Ned2 Bf5 19. Ne4 Nb6 20. Qb3 Bxe4 21. dxe4 Na5 22. Qc2 Naxc4 23. Rfd1 Qe7 24. a4 Qb4 25. Bf1 Ra5 26. Rdc1 Rc5 27. Rab1 Na3 28. Qxc5 Qxc5 29. Rxc5 Nxb1 30. Rxc7 Nxa4 31. Bb5 Rb8 32. Bxa4 f6 33. Rc1 Na3 34. Rc3 b5 35. Rxa3 bxa4 36. Rxa4 1-0

[Event "BCF-chT2 2425 (4NCL)"]
[Site "England"]
[Date "2024.11.23"]
[Round "1.16"]
[White "Gibbs, Dominic V"]
[Black "Murawski, Jan"]
[Result "1-0"]
[WhiteElo "1980"]
[BlackElo "2065"]
[PlyCount "75"]
[EventDate "2024.11.23"]
[EventType "team-tourn"]
[EventRounds "11"]
[EventCountry "ENG"]
[SourceTitle "CB48_2024"]
[SourceDate "2024.11.28"]
[SourceVersion "1"]
[SourceVersionDate "2024.11.28"]
[SourceQuality "1"]
[WhiteTeam "Iceni"]
[BlackTeam "Oxford"]
[WhiteTeamCountry "ENG"]
[BlackTeamCountry "ENG"]

1. e4 e5 2. Nf3 Nc6 3. Bb5 a6 4. Ba4 Nf6 5. 0-0 Be7 6. Re1 b5 7. Bb3 0-0 8. a4 Bb7 9. d3 d6 10. Nbd2 Nb8 11. axb5 axb5 12. Rxa8 Bxa8 13. Nf1 Nbd7 14. c3 Nc5 15. Bc2 Re8 16. Ng3 Bf8 17. b4 Ncd7 18. Bb3 g6 19. Qe2 Bg7 20. Qa2 Rf8 21. Ng5 d5 22. exd5 h6 23. Nf3 c6 24. c4 cxd5 25. cxd5 Nb6 26. Qa5 Nfxd5 27. Qxb5 Nf4 28. Bxf4 exf4 29. Ne4 Kh7 30. h4 Nd5 31. Qc5 f5 32. Nd6 Nf6 33. Nxf5 gxf5 34. Qxf5+ Kh8 35. Ne5 Bd5 36. Ng6+ Kg8 37. Bxd5+ Qxd5 38. Ne7+ 1-0

[Event "Wch Amateurs U2000"]
[Site "Rhodes"]
[Date "2024.10.30"]
[Round "4"]
[White "Gibbs, Dominic V"]
[Black "Sharma, Pankaj1"]
[Result "0-1"]
[WhiteElo "1980"]
[BlackElo "1799"]
[PlyCount "78"]
[EventDate "2024.10.27"]
[EventType "swiss"]
[EventRounds "9"]
[EventCountry "GRE"]
[SourceTitle "CB45_2024"]
[Source "ChessBase"]
[SourceDate "2024.11.06"]
[SourceVersion "1"]
[SourceVersionDate "2024.11.06"]
[SourceQuality "1"]

1. e4 e6 2. Nf3 d5 3. Nc3 d4 4. Ne2 c5 5. d3 Nc6 6. g3 e5 7. Bg2 Be7 8. 0-0 Be6 9. Ne1 Qd7 10. f4 f6 11. Nf3 c4 12. fxe5 fxe5 13. Ng5 Bxg5 14. Bxg5 h6 15. Bd2 Nf6 16. dxc4 Bxc4 17. b3 Be6 18. Nc1 0-0 19. Nd3 b6 20. a4 a5 21. c4 Qe7 22. Bc1 Nd7 23. Ba3 Nc5 24. Qh5 Bf7 25. Qg4 Qd6 26. Bxc5 bxc5 27. Bh3 Nb4 28. Nxb4 cxb4 29. Rf3 Rad8 30. Rd1 Rfe8 31. Rfd3 Be6 32. Qh5 Bxh3 33. Qxh3 Qg6 34. Qh4 Rf8 35. Rf1 Rxf1+ 36. Kxf1 Rf8+ 37. Ke1 Qf7 38. Kd1 Qf1+ 39. Kc2 Rf2+ 0-1

[Event "BCF-chT3E 2224 (4NCL)"]
[Site "England"]
[Date "2024.05.05"]
[Round "10.36"]
[White "Gibbs, Dominic V"]
[Black "Boughen, Andrew"]
[Result "1-0"]
[WhiteElo "2030"]
[BlackElo "1804"]
[PlyCount "87"]
[EventDate "2023.11.11"]
[EventType "team-tourn"]
[EventRounds "11"]
[EventCountry "ENG"]
[SourceTitle "EXT 2025"]
[Source "ChessBase"]
[SourceDate "2024.10.14"]
[SourceVersion "1"]
[SourceVersionDate "2024.10.14"]
[SourceQuality "1"]
[WhiteTeam "Iceni"]
[BlackTeam "Surbiton"]
[WhiteTeamCountry "ENG"]
[BlackTeamCountry "ENG"]

1. e4 c6 2. d3 d5 3. Nd2 e5 4. Ngf3 Bd6 5. g3 Nf6 6. Bg2 0-0 7. 0-0 Re8 8. c3 Nbd7 9. Qc2 a5 10. Re1 Qc7 11. Nf1 b6 12. Ne3 Ba6 13. Nf5 dxe4 14. dxe4 Nc5 15. Bf1 Bxf1 16. Kxf1 Rad8 17. Bg5 Be7 18. Rad1 Rxd1 19. Qxd1 h6 20. Bxf6 Bxf6 21. Qd6 Qxd6 22. Nxd6 Rd8 23. Nc4 Nd3 24. Rd1 b5 25. Nxa5 Nxb2 26. Rxd8+ Bxd8 27. Nxc6 Bb6 28. Nfxe5 Nd1 29. c4 Nxf2 30. Nd7 Nxe4 31. Ne7+ Kh7 32. Nxb6 bxc4 33. Nxc4 Nc3 34. a3 g5 35. Nb6 h5 36. a4 h4 37. gxh4 gxh4 38. a5 Nb5 39. a6 Kh6 40. Nec8 Kg5 41. a7 Nxa7 42. Nxa7 Kg4 43. Kg2 h3+ 44. Kf2 1-0

[Event "WLS-chB 68th"]
[Site "Cardiff"]
[Date "2024.03.30"]
[Round "4"]
[White "Gibbs, Dominic V"]
[Black "Honey, Luke Anthony"]
[Result "0-1"]
[WhiteElo "1938"]
[BlackElo "1939"]
[PlyCount "112"]
[EventDate "2024.03.29"]
[EventType "swiss"]
[EventRounds "7"]
[EventCountry "WLS"]
[SourceTitle "CBM 219 Extra"]
[Source "ChessBase"]
[SourceDate "2024.05.31"]
[SourceVersion "1"]
[SourceVersionDate "2024.05.31"]
[SourceQuality "1"]

1. e4 c6 2. d4 d5 3. exd5 cxd5 4. c4 Nf6 5. Nc3 g6 6. Qb3 Bg7 7. cxd5 0-0 8. Be2 Nbd7 9. Bf3 Nb6 10. Nge2 Bg4 11. Bxg4 Nxg4 12. 0-0 Nf6 13. d6 Qxd6 14. Bf4 Qd7 15. Rad1 e6 16. Be5 Rfd8 17. Rd3 Nbd5 18. Rfd1 Rac8 19. h3 Qc6 20. a3 a6 21. Nxd5 Nxd5 22. Bxg7 Kxg7 23. Rc1 Qd7 24. Rxc8 Rxc8 25. g3 b5 26. Nc3 Rc4 27. Nxd5 Qxd5 28. Rd1 Rxd4 29. Qxd5 Rxd5 30. Rb1 Kf6 31. Kf1 Rd2 32. Ke1 Rc2 33. h4 h5 34. b4 Rc3 35. Ra1 Ke5 36. a4 Rb3 37. axb5 axb5 38. Ra7 f5 39. Kd2 Rxb4 40. Rb7 Rd4+ 41. Kc3 Rd5 42. f3 Kf6 43. Rb6 Rd1 44. g4 fxg4 45. fxg4 Rd5 46. g5+ Kf5 47. Rb7 Kg4 48. Rg7 Kxh4 49. Rxg6 Rxg5 50. Rxe6 Kh3 51. Re4 h4 52. Kd2 Rf5 53. Ke1 Kg3 54. Rb4 h3 55. Rb3+ Kg2 56. Rb4 Re5+ 0-1

[Event "BCF-chT3E 2224 (4NCL)"]
[Site "England"]
[Date "2024.03.17"]
[Round "8.44"]
[White "Gibbs, Dominic V"]
[Black "Pleasants, Allan J"]
[Result "1-0"]
[WhiteElo "2030"]
[BlackElo "1994"]
[PlyCount "157"]
[EventDate "2023.11.11"]
[EventType "team-tourn"]
[EventRounds "11"]
[EventCountry "ENG"]
[SourceTitle "EXT 2025"]
[Source "ChessBase"]
[SourceDate "2024.10.14"]
[SourceVersion "1"]
[SourceVersionDate "2024.10.14"]
[SourceQuality "1"]
[WhiteTeam "Iceni"]
[BlackTeam "Wessex"]
[WhiteTeamCountry "ENG"]
[BlackTeamCountry "ENG"]

1. e4 g6 2. d4 d6 3. c3 Nf6 4. Bd3 Bg7 5. Nf3 0-0 6. 0-0 Nc6 7. d5 Nb8 8. Bg5 c6 9. c4 Bg4 10. Nc3 Na6 11. Be2 Qc7 12. h3 Bxf3 13. Bxf3 Nc5 14. Qd2 a5 15. Rab1 Rfe8 16. Rfe1 Nfd7 17. Be2 a4 18. Bf1 Qa5 19. Bf4 Qb4 20. Nd1 Qxd2 21. Bxd2 Bd4 22. Bc3 e5 23. dxe6 Nxe6 24. Bxd4 Nxd4 25. Nc3 Nc5 26. Rbd1 Nce6 27. Rd2 Kg7 28. Red1 c5 29. f3 a3 30. b3 g5 31. Kf2 Rf8 32. Nd5 h6 33. Ne3 Rae8 34. Bd3 f6 35. Bb1 Kf7 36. h4 Ke7 37. h5 Kf7 38. e5 Rd8 39. exf6 Kxf6 40. Be4 Rb8 41. Bd5 Nf4 42. Re1 Nxd5 43. Nxd5+ Kg7 44. Nc7 Kf7 45. Nb5 Nxb5 46. cxb5 Rfd8 47. Re4 d5 48. Re5 c4 49. bxc4 dxc4 50. Ke1 c3 51. Rc2 Rbc8 52. Re3 Rc5 53. Rexc3 Rxb5 54. Rxa3 Rd4 55. Rc7+ Kf6 56. Rb3 Re5+ 57. Kf2 Rd2+ 58. Kg3 Rxa2 59. Rb6+ Re6 60. Rxe6+ Kxe6 61. Rxb7 Ra6 62. Rg7 Kf5 63. Kh3 Rb6 64. g4+ Ke5 65. Kg3 Rf6 66. Re7+ Kd6 67. Ra7 Ke5 68. Ra5+ Kd4 69. Rf5 Rxf5 70. gxf5 Ke5 71. Kg4 Kf6 72. f4 gxf4 73. Kxf4 Kf7 74. Ke5 Ke7 75. f6+ Ke8 76. Ke6 Kf8 77. f7 Kg7 78. Ke7 Kh7 79. f8R 1-0

[Event "Harrogate 4NCL op-B 31st"]
[Site "Harrogate"]
[Date "2024.01.21"]
[Round "4"]
[White "Gibbs, Dominic V"]
[Black "Billenness, Greg"]
[Result "1-0"]
[WhiteElo "1927"]
[BlackElo "1874"]
[PlyCount "117"]
[EventDate "2024.01.19"]
[EventType "swiss"]
[EventRounds "5"]
[EventCountry "ENG"]
[SourceTitle "CBM 218 Extra"]
[Source "ChessBase"]
[SourceDate "2024.03.31"]
[SourceVersion "1"]
[SourceVersionDate "2024.03.31"]
[SourceQuality "1"]

1. Nf3 Nf6 2. g3 g6 3. b4 Bg7 4. Bb2 d6 5. d3 c6 6. a3 e5 7. Nbd2 Nbd7 8. Bg2 0-0 9. c4 Qe7 10. 0-0 Rb8 11. Qc2 Re8 12. e4 Nf8 13. c5 N6d7 14. cxd6 Qxd6 15. Nc4 Qc7 16. d4 exd4 17. Bxd4 Bxd4 18. Nxd4 Ne5 19. Ne3 Ne6 20. Nxe6 Bxe6 21. Kh1 Rbd8 22. Rad1 Qb6 23. Rxd8 Rxd8 24. Rd1 Rxd1+ 25. Qxd1 Bc4 26. Kg1 a5 27. Qd6 Nd3 28. Qf6 Be6 29. Bf1 Nc1 30. Qc3 Nb3 31. Nc4 Bxc4 32. Bxc4 Nd4 33. bxa5 Qb1+ 34. Kg2 Qxe4+ 35. f3 Qc2+ 36. Qxc2 Nxc2 37. Kf2 Nxa3 38. Bd3 Nb5 39. Bxb5 cxb5 40. Ke3 b4 41. Kd4 b3 42. Kc3 b2 43. Kxb2 Kf8 44. Kc3 Ke7 45. Kc4 Kd6 46. Kb5 Kc7 47. h3 h6 48. h4 f6 49. g4 f5 50. gxf5 gxf5 51. f4 h5 52. Kc5 Kb8 53. Kb6 Kc8 54. Kb5 Kc7 55. Kc5 Kb8 56. Kd5 Ka7 57. Ke5 Ka6 58. Kxf5 Kxa5 59. Kg5 1-0

[Event "Harrogate 4NCL op-B 31st"]
[Site "Harrogate"]
[Date "2024.01.21"]
[Round "5"]
[White "Stokes, Michael"]
[Black "Gibbs, Dominic V"]
[Result "0-1"]
[WhiteElo "1960"]
[BlackElo "1927"]
[PlyCount "112"]
[EventDate "2024.01.19"]
[EventType "swiss"]
[EventRounds "5"]
[EventCountry "ENG"]
[SourceTitle "CBM 218 Extra"]
[Source "ChessBase"]
[SourceDate "2024.03.31"]
[SourceVersion "1"]
[SourceVersionDate "2024.03.31"]
[SourceQuality "1"]

1. e4 Nf6 2. e5 Nd5 3. Nf3 d6 4. d4 dxe5 5. dxe5 Nc6 6. Nc3 Nxc3 7. Qxd8+ Nxd8 8. bxc3 Bg4 9. Nd4 Ne6 10. Rb1 0-0-0 11. f3 Nxd4 12. cxd4 Bf5 13. Be3 Bxc2 14. Rb2 Ba4 15. Bb5 Bxb5 16. Rxb5 e6 17. Ke2 Rd5 18. Rhb1 Rxb5 19. Rxb5 Be7 20. g4 h5 21. gxh5 Rxh5 22. Bf4 Rh8 23. Ke3 Rd8 24. Ke4 b6 25. Rb2 Rd5 26. Be3 Kb7 27. f4 g6 28. Rf2 Ra5 29. h4 c5 30. dxc5 Bxc5 31. Bxc5 Rxc5 32. Rh2 Rc4+ 33. Kf3 b5 34. h5 gxh5 35. Rxh5 a5 36. Rh7 Rc7 37. f5 b4 38. Kf4 Kc6 39. Rh8 a4 40. Re8 exf5 41. Kxf5 b3 42. axb3 axb3 43. Rb8 Rb7 44. Rc8+ Kd7 45. Rc1 b2 46. Rb1 Ke7 47. Ke4 Ke6 48. Kd4 Rb8 49. Kc3 Kxe5 50. Rxb2 Rxb2 51. Kxb2 Kd4 52. Kc1 Ke3 53. Kd1 Kf2 54. Kd2 f5 55. Kd3 f4 56. Kd2 f3 0-1

[Event "BCF-chT4S 2324 (4NCL)"]
[Site "England"]
[Date "2023.11.18"]
[Round "1.71"]
[White "Gibbs, Dominic V"]
[Black "Rathbone Jones, Ifan"]
[Result "0-1"]
[WhiteElo "1918"]
[BlackElo "2101"]
[PlyCount "60"]
[EventDate "2024.02.11"]
[EventType "team-swiss"]
[EventRounds "11"]
[EventCountry "ENG"]
[SourceTitle "EXT 2025"]
[Source "ChessBase"]
[SourceDate "2024.10.14"]
[SourceVersion "1"]
[SourceVersionDate "2024.10.14"]
[SourceQuality "1"]
[WhiteTeam "Iceni II"]
[BlackTeam "ToBeDecided"]
[WhiteTeamCountry "ENG"]
[BlackTeamCountry "ENG"]

1. e4 d5 2. exd5 Nf6 3. c4 c6 4. Nc3 cxd5 5. cxd5 Nxd5 6. Bc4 Nb6 7. Bb3 Nc6 8. Nf3 e5 9. d4 exd4 10. Nb5 Bb4+ 11. Bd2 Qe7+ 12. Qe2 Qxe2+ 13. Kxe2 d3+ 14. Kxd3 Bf5+ 15. Ke2 0-0-0 16. Nxa7+ Nxa7 17. Bxb4 Bd3+ 18. Ke3 Rhe8+ 19. Kf4 Re4+ 20. Kg3 Rxb4 21. Rac1+ Nc6 22. Ne5 Be4 23. Nxf7 Rd2 24. Rhe1 Bd5 25. Nd6+ Kc7 26. Ne8+ Kd7 27. Nxg7 Bxb3 28. axb3 Rxb3+ 29. f3 Rbxb2 30. Rg1 Nd4 0-1

[Event "Berkshire Berks & Bucks op-B"]
[Site "Berkshire"]
[Date "2023.08.26"]
[Round "1"]
[White "Gibbs, Dominic V"]
[Black "Lishoy Gengis Paratazham, Dildarav"]
[Result "0-1"]
[WhiteElo "1856"]
[BlackElo "1597"]
[PlyCount "76"]
[EventDate "2023.08.26"]
[EventType "swiss"]
[EventRounds "6"]
[EventCountry "ENG"]
[SourceTitle "CBM 216 Extra"]
[Source "ChessBase"]
[SourceDate "2023.11.30"]
[SourceVersion "1"]
[SourceVersionDate "2023.11.30"]
[SourceQuality "1"]

1. Nf3 Nf6 2. c4 c5 3. Nc3 e6 4. e3 Nc6 5. d4 cxd4 6. exd4 d5 7. a3 Ne4 8. Bd3 Nxc3 9. bxc3 dxc4 10. Bxc4 Bd6 11. 0-0 0-0 12. Qd3 h6 13. Bb3 e5 14. Bc2 f5 15. dxe5 Nxe5 16. Qd5+ Nf7 17. Rd1 Qf6 18. Nd4 Rd8 19. Qf3 Ne5 20. Qe2 Bd7 21. Bb2 Rac8 22. Bb3+ Kh8 23. c4 Re8 24. Qd2 Qg6 25. Rac1 Bc6 26. f4 Nf3+ 27. Nxf3 Bxf3 28. Re1 Bxf4 29. Qf2 Bxc1 30. Rxc1 Re2 31. Qxf3 Rxb2 32. c5 Qg5 33. Re1 Qh4 34. Rd1 Qe7 35. Kh1 Rxc5 36. Qg3 Rc8 37. a4 Re2 38. h3 Re3 0-1

[Event "South Wales op 18th"]
[Site "Bridgend"]
[Date "2023.07.10"]
[Round "6"]
[White "Maton, Emily"]
[Black "Gibbs, Dominic V"]
[Result "1-0"]
[WhiteElo "1844"]
[BlackElo "1874"]
[PlyCount "105"]
[EventDate "2023.07.07"]
[EventType "swiss"]
[EventRounds "9"]
[EventCountry "WLS"]
[SourceTitle "CBM 215 Extra"]
[Source "ChessBase"]
[SourceDate "2023.09.30"]
[SourceVersion "1"]
[SourceVersionDate "2023.09.30"]
[SourceQuality "1"]

1. c4 f5 2. Nc3 Nf6 3. g3 g6 4. Bg2 Bg7 5. d4 d6 6. Nh3 c6 7. 0-0 0-0 8. Rb1 e5 9. d5 c5 10. Ng5 Qe7 11. Ne6 Rf7 12. Nxg7 Kxg7 13. a3 Na6 14. Bg5 h6 15. Bxf6+ Qxf6 16. e3 Bd7 17. Ne2 g5 18. f4 Rh8 19. Kh1 h5 20. e4 h4 21. fxg5 Qxg5 22. Qc1 Qg6 23. Qe3 Kf8 24. exf5 Bxf5 25. Rbe1 hxg3 26. Qxg3 Qxg3 27. Nxg3 Bd3 28. Rxf7+ Kxf7 29. Bf1 Bxf1 30. Rxf1+ Kg6 31. Ne4 Nc7 32. Rf6+ Kg7 33. Rxd6 Ne8 34. Rd7+ Kg6 35. Nxc5 b6 36. Nd3 e4 37. Ne1 Rh3 38. Re7 Nf6 39. Kg1 Re3 40. Ng2 Rb3 41. d6 Rxb2 42. d7 Rd2 43. Nf4+ Kf5 44. Nd5 Nxd5 45. d8Q Rd1+ 46. Kf2 e3+ 47. Kf3 Rf1+ 48. Ke2 Rf2+ 49. Ke1 Nxe7 50. Qxe7 Rxh2 51. Qxe3 Rh4 52. Qd3+ Ke6 53. Qd5+ 1-0

[Event "ENG-ch Seniors 50"]
[Site "Leamington Spa"]
[Date "2023.05.08"]
[Round "7"]
[White "Brett, Andrew"]
[Black "Gibbs, Dominic V"]
[Result "1-0"]
[WhiteElo "2085"]
[BlackElo "1879"]
[PlyCount "35"]
[EventDate "2023.05.04"]
[EventType "swiss"]
[EventRounds "7"]
[EventCountry "ENG"]
[SourceTitle "CBM 214 Extra"]
[Source "ChessBase"]
[SourceDate "2023.07.31"]
[SourceVersion "1"]
[SourceVersionDate "2023.07.31"]
[SourceQuality "1"]

1. d4 e6 2. c4 f5 3. g3 Nf6 4. Bg2 d5 5. Nf3 c6 6. 0-0 Bd6 7. b3 Qe7 8. Ne5 0-0 9. Qc2 Bd7 10. Nd3 Be8 11. Bf4 Bxf4 12. Nxf4 e5 13. dxe5 Qxe5 14. Nd2 dxc4 15. Nxc4 Qe7 16. Qxf5 Bf7 17. Qe5 Qb4 18. Nd3 1-0

[Event "ENG-ch Seniors 50"]
[Site "Leamington Spa"]
[Date "2023.05.07"]
[Round "5"]
[White "Hymer, Barry J"]
[Black "Gibbs, Dominic V"]
[Result "1/2-1/2"]
[WhiteElo "1898"]
[BlackElo "1879"]
[PlyCount "99"]
[EventDate "2023.05.04"]
[EventType "swiss"]
[EventRounds "7"]
[EventCountry "ENG"]
[SourceTitle "CBM 214 Extra"]
[Source "ChessBase"]
[SourceDate "2023.07.31"]
[SourceVersion "1"]
[SourceVersionDate "2023.07.31"]
[SourceQuality "1"]

1. d4 e6 2. Nc3 d5 3. e4 dxe4 4. Nxe4 Bd7 5. Nf3 Bc6 6. Bd3 Nd7 7. 0-0 Ngf6 8. Qe2 Nxe4 9. Bxe4 Bxe4 10. Qxe4 c6 11. c4 Nf6 12. Qe2 Be7 13. Bf4 0-0 14. Rad1 Qa5 15. a3 Qf5 16. Be5 Rfd8 17. Rfe1 Bd6 18. Rd3 Rd7 19. h3 Rad8 20. Qe3 h6 21. g4 Qg6 22. Bxd6 Rxd6 23. Ne5 Qg5 24. f4 Qh4 25. Kg2 Nd7 26. Rf1 Qe7 27. h4 Nf8 28. g5 h5 29. c5 Rd5 30. Nc4 Ng6 31. Kg3 Qc7 32. Nd6 Ne7 33. Kh3 b6 34. b4 Nf5 35. Nxf5 Rxf5 36. Qf3 g6 37. Kg3 Rfd5 38. Rfd1 Qd7 39. Qe4 Kg7 40. Kf3 bxc5 41. bxc5 Qb7 42. R3d2 Qb3+ 43. Qd3 Rb8 44. Ke4 Rd7 45. Qxb3 Rxb3 46. Rd3 Rb2 47. R1d2 Rb1 48. Rd1 Rb2 49. R1d2 Rb1 50. Rd1 1/2-1/2

[Event "BCF-chT3E 2223 (4NCL)"]
[Site "England"]
[Date "2023.04.30"]
[Round "10.36"]
[White "Trevelyan, John"]
[Black "Gibbs, Dominic V"]
[Result "1-0"]
[WhiteElo "1882"]
[BlackElo "1948"]
[PlyCount "97"]
[EventDate "2022.11.05"]
[EventType "team-tourn"]
[EventRounds "11"]
[EventCountry "ENG"]
[SourceTitle "EXT 2024"]
[Source "ChessBase"]
[SourceDate "2023.10.10"]
[SourceVersion "1"]
[SourceVersionDate "2023.10.10"]
[SourceQuality "1"]
[WhiteTeam "Rhyfelwyr Essyllwg"]
[BlackTeam "Iceni"]
[WhiteTeamCountry "ENG"]
[BlackTeamCountry "ENG"]

1. d4 e6 2. c4 f5 3. Nc3 Nf6 4. f4 Bb4 5. Bd2 b6 6. Nf3 Bb7 7. e3 0-0 8. Bd3 d6 9. Qc2 Nbd7 10. 0-0-0 d5 11. Kb1 Qe7 12. cxd5 Bxc3 13. bxc3 Bxd5 14. c4 Be4 15. Be1 c5 16. Bxe4 Nxe4 17. Bh4 Ndf6 18. d5 b5 19. Ka1 bxc4 20. Qxc4 Nd6 21. Qc2 exd5 22. Rxd5 Qe6 23. Re5 Qc4 24. Rxc5 Qxc2 25. Rxc2 Ng4 26. Be7 Rfc8 27. Rxc8+ Nxc8 28. Bc5 Nb6 29. h3 Nf2 30. Rb1 Nd5 31. Ne5 a6 32. Rb7 Nc3 33. Bd4 Nb5 34. Bb2 Nd1 35. Nc6 Nxb2 36. Kxb2 Kf8 37. Kb3 Nd6 38. Rb8+ Rxb8+ 39. Nxb8 Ke8 40. Nxa6 Kd7 41. Kc3 Ke6 42. Kd4 Nb5+ 43. Kc5 Na3 44. Nb4 h5 45. h4 g6 46. Nc6 Kd7 47. Nd4 Kc8 48. Kb4 Nb1 49. Nf3 1-0

[Event "BCF-chT3E 2223 (4NCL)"]
[Site "England"]
[Date "2023.04.29"]
[Round "9.55"]
[White "Gibbs, Dominic V"]
[Black "Taylor, Alistair"]
[Result "1-0"]
[WhiteElo "1948"]
[BlackElo "1865"]
[PlyCount "123"]
[EventDate "2022.11.05"]
[EventType "team-tourn"]
[EventRounds "11"]
[EventCountry "ENG"]
[SourceTitle "EXT 2024"]
[Source "ChessBase"]
[SourceDate "2023.10.10"]
[SourceVersion "1"]
[SourceVersionDate "2023.10.10"]
[SourceQuality "1"]
[WhiteTeam "Iceni"]
[BlackTeam "Watford"]
[WhiteTeamCountry "ENG"]
[BlackTeamCountry "ENG"]

1. e4 e5 2. Nf3 Nf6 3. d3 Nc6 4. c3 d5 5. Nbd2 dxe4 6. dxe4 Bc5 7. Bb5 0-0 8. 0-0 Bg4 9. h3 Bxf3 10. Qxf3 Ne7 11. b4 Bb6 12. Nc4 c6 13. Ba4 Bc7 14. Bc2 b5 15. Ne3 a5 16. Bb2 a4 17. a3 Bb6 18. Rad1 Qc7 19. c4 Bxe3 20. Qxe3 Ng6 21. cxb5 cxb5 22. Bd3 Qb7 23. g3 Rfe8 24. Qe2 Rab8 25. Rc1 h5 26. Rc5 h4 27. Kh2 Qa8 28. Re1 Rb6 29. Bxb5 Rd8 30. Bc4 hxg3+ 31. fxg3 Rbd6 32. Bc3 Nd7 33. Bd5 Qb8 34. Rc6 Ne7 35. Rxd6 Qxd6 36. Rd1 Qc7 37. Bb2 Qb6 38. Bc4 Qa7 39. Bb5 Kf8 40. Kg2 Ke8 41. Bxe5 g6 42. Bf6 Qb6 43. Bh4 f6 44. g4 g5 45. Bf2 Qb7 46. Bxa4 Ng6 47. Bg3 Nh4+ 48. Bxh4 gxh4 49. Qd3 Qb8 50. Qd6 Qa8 51. Bxd7+ Kf7 52. Qd5+ Kg7 53. Qxa8 Rxa8 54. a4 Kg6 55. a5 Kg5 56. Rd5+ Kf4 57. Rf5+ Ke3 58. Rxf6 Rd8 59. Rf3+ Ke2 60. Bb5+ Ke1 61. Re3+ Kd2 62. Rd3+ 1-0

[Event "Cardiff Welsh op"]
[Site "Cardiff"]
[Date "2023.04.08"]
[Round "2"]
[White "Jakubiak, Krzysztof"]
[Black "Gibbs, Dominic V"]
[Result "1/2-1/2"]
[WhiteElo "1585"]
[BlackElo "1848"]
[PlyCount "150"]
[EventDate "2023.04.07"]
[EventType "swiss"]
[EventRounds "7"]
[EventCountry "WLS"]
[SourceTitle "EXT 2024"]
[Source "ChessBase"]
[SourceDate "2023.10.10"]
[SourceVersion "1"]
[SourceVersionDate "2023.10.10"]
[SourceQuality "1"]

1. d4 e6 2. c4 f5 3. g3 Nf6 4. Bg2 d5 5. Nc3 c6 6. cxd5 exd5 7. Nf3 Bd6 8. Qc2 0-0 9. 0-0 Ne4 10. h4 Nd7 11. Bg5 Nxg5 12. Nxg5 Nf6 13. e3 h6 14. Nh3 Ne4 15. Ne2 g5 16. hxg5 hxg5 17. f4 g4 18. Nf2 Nxf2 19. Kxf2 Qe7 20. Rae1 Be6 21. Rh1 Kg7 22. Rh5 Qf7 23. Reh1 Rh8 24. Rxh8 Rxh8 25. Rxh8 Kxh8 26. Nc1 Kg7 27. Nd3 Kf6 28. a3 Bc8 29. Ne5 Qc7 30. Qc1 Qh7 31. Nd3 Be6 32. Ne5 Bg8 33. Qc3 Qc7 34. Qe1 a6 35. Qh1 Qh7 36. Qe1 Ke6 37. Qa5 Qc7 38. Qc3 Ke7 39. Qc1 Kd8 40. Qc2 Be6 41. Nd3 Qa5 42. Nc5 Bc8 43. Bf1 Qc7 44. Nd3 Qh7 45. Ne5 Qe7 46. Bd3 Qh7 47. Bf1 Qe7 48. Ke1 c5 49. Bg2 Be6 50. Qd2 c4 51. Bxd5 Bxd5 52. Qa5+ Qc7 53. Qxd5 c3 54. Qg8+ Ke7 55. Qf7+ Kd8 56. Qxc7+ Kxc7 57. bxc3 Bxa3 58. Kd2 b5 59. Kc2 Kd6 60. c4 Bb4 61. Nd3 Ba5 62. cxb5 axb5 63. Kc1 Kd5 64. Kd1 b4 65. Nc5 Kc4 66. Kc2 b3+ 67. Nxb3 Be1 68. Nd2+ Kd5 69. Kd3 Bxg3 70. Nf1 Bh4 71. Ke2 Ke6 72. Kd3 g3 73. Nxg3 Bxg3 74. e4 Bxf4 75. exf5+ Kxf5 1/2-1/2